000 01857cam a22003494a 4500
999 _c27156
_d27156
001 16092658
005 20170207142558.0
008 100216s2010 mnua bc 000 0 eng
010 _a 2010005492
020 _a9780935640946 (north american trade edition : alk. paper)
020 _a9783775726498 (rest of world trade edition : alk. paper)
040 _aDLC
_cDLC
050 0 0 _aN6853
_b.K5A4 2010
100 1 _aKlein, Yves,
_d1928-1962.
245 1 0 _aYves Klein :
_bwith the void, full powers /
_corganized by Kerry Brougher, and Philippe Vergne ; texts by Kerry Brougher ... et al.
250 _a1st English language ed.
260 _aMinneapolis, MN :
_bWalker Art Center ;
_aWashington, DC :
_bHirshhorn Museum and Sculpture Garden,
_c2010.
300 _a352 p. :
_bill. (some col.) ;
_c26 cm.
504 _aIncludes bibliographical references (p. 337).
600 1 0 _aKlein, Yves,
_d1928-1962
_vExhibitions.
600 1 0 _aKlein, Yves,
_d1928-1962
_xCriticism and interpretation.
700 1 _aBrougher, Kerry.
700 1 _aVergne, Philippe.
710 2 _aHirshhorn Museum and Sculpture Garden.
710 2 _aWalker Art Center.
942 _2lcc
_cBOOKS
_hN6853 .K5A4 2010